Bilecik Bilecik Bilecik Bilecik Bilecik

İş uyuşmazlıkları sosyolojisi =Sociologie des conflits du travail/ (Record no. 16445)

MARC details
000 -BAŞLIK
Sabit Uzunluktaki Kontrol Alanı 01322nam a22003857a 4500
001 - KONTROL NUMARASI
Control Dosyası 0016483
003 - KONTROL NUMARASI KİMLİĞİ
Kontrol Alanı KOHA_MİRAKIL
005 - EN SON İŞLEM TARİHİ ve ZAMANI
Kontrol Alanı 20260207002104.0
007 - FİZİKSEL TANIM SABİT ALAN - GENEL BİLGİ
Sabit uzunluklu kontrol alanı ta
008 - SABİT UZUNLUKTAKİ VERİ ÖGELERİ - GENEL BİLGİ
Sabit Alan 100416b1986 tu |||gr||||#||||0|tur |
040 ## - KATALOGLAMA KAYNAĞI
Özgün Kataloglama Kurumu TR-BiSEU
Kataloglama Dili tur
Çeviri Kurumu TR-BiSEU
Açıklama Kuralları rda
041 0# - DİL KODU
Metin ya da ses kaydının dil kodu tur
044 ## - YAYINLAYAN/ÜRETEN KURULUŞUN ÜLKE KODU
ISO country code tu
050 ## - SINIFLAMA ve YER NUMARASI
Sınıflama Numarası HD5355
Yer Numarası .R49 1986
100 1# - KİŞİ ADI
Yazar Adı (Kişi adı) Reynaud, Jean-Daniel.
240 10 - TEK BİÇİM BAŞLIK
Tekbiçim Başlık <a href="Sociologie des conflits du travail.">Sociologie des conflits du travail.</a>
Language of a work Türkçe
245 1# - ESER ADI BİLDİRİMİ
Başlık İş uyuşmazlıkları sosyolojisi =Sociologie des conflits du travail/
Sorumluluk Bildirimi Jean-Daniel Reynaud ; Jean-Daniel Reynaud; çevirenler Ali Güzel, Ali Rıza Okur.
264 #1 - ÜRERİM, YAYIN, DAĞITIM ve TELİF BİLDİRİMİ
Yayın yeri İstanbul :
Yayınlayan Marmara Üniversitesi
Yayın tarihi 1986
300 ## - FİZİKSEL TANIMLAMA
Sayfa, Cilt vb. 148 sayfa; 20 cm.
336 ## - İÇERİK TÜRÜ
Content type term metin
Content type code txt
Source rdacontent
337 ## - MEDYA TÜRÜ
Media type term aracısız
Media type code n
Source rdamedia
338 ## - TAŞIYICI TÜRÜ
Carrier type term cilt
Carrier type code nc
Source rdacarrier
490 0# - DİZİ BİLDİRİMİ
Dizi Bildirimi Marmara Üniversitesi yayın no.
490 0# - DİZİ BİLDİRİMİ
Dizi Bildirimi 437.
490 0# - DİZİ BİLDİRİMİ
Dizi Bildirimi İktisadi ve İdari Bilimler Fakültesi yayın no.
490 0# - DİZİ BİLDİRİMİ
Dizi Bildirimi 377.
500 ## - GENEL NOT
Genel Not Özgün adı: Sociologie des conflits du travail.
500 ## - GENEL NOT
Genel Not Kaynakça var.
650 #0 - KONU BAŞLIĞI EK GİRİŞ - KONU TERİMİ
Konusal terim veya coğrafi ad İş uyuşmazlıkları--Fransa.
9 (RLIN) 38127
830 0# - SERİ EK GİRİŞİ - TEKBİÇİM ESER ADI
Tekbiçim Başlık Marmara Üniversitesi yayın no.
9 (RLIN) 8437
830 0# - SERİ EK GİRİŞİ - TEKBİÇİM ESER ADI
Tekbiçim Başlık 437.
9 (RLIN) 18525
830 0# - SERİ EK GİRİŞİ - TEKBİÇİM ESER ADI
Tekbiçim Başlık İktisadi ve İdari Bilimler Fakültesi yayın no.
9 (RLIN) 38128
830 0# - SERİ EK GİRİŞİ - TEKBİÇİM ESER ADI
Tekbiçim Başlık 377.
9 (RLIN) 38129
942 ## - EK GİRİŞ ÖGELERİ (KOHA)
Source of classification or shelving scheme Library of Congress Classification
Koha item type Book
Holdings
Materyal Türü Kalıcı Konum Mevcut Konum Raf Yeri Sınıflandırma Kaynağı Edinim Bilgisi Ana Konular Alt Konular Yer Numarası Demirbaş Numarası Fatura Tarihi Geri Çekilme Durumu Kayıp Durumu Hasarlı Durumu Kredi için değil Kayıt Tarih Toplam Ödünçverme Son Görülme Tarihi Son Kontrol Tarihi Genel / Bağış Notu
Book Prof. Dr. Azmi Özcan Kütüphanesi Prof. Dr. Azmi Özcan Kütüphanesi Uluğbey Salonu Library of Congress Classification Bağış SOSYAL BİLİMLER Endüstriler, Arazi Kullanımı, İşgücü HD5355 .R49 1986 0016483 13/08/2010         16/04/2010   05/12/2024 05/12/2024 Genel Bağış